| 000 | 00549nam a22001817a 4500 | ||
|---|---|---|---|
| 999 |
_c16057 _d16057 |
||
| 003 | AR-CdUCM | ||
| 008 | 190430b ||||| |||| 00| 0 spa d | ||
| 040 |
_aMUNICIPALIDAD PROVINCIAL DEL CUSCO _cBIBLIOTECA MUNICIPAL DEL CUSCO |
||
| 082 |
_a863.08 / _bN93 |
||
| 245 | _aNovelistas inmediatos a Cervantes / | ||
| 260 |
_aBuenos Aires : _bLautaro, _c1947. |
||
| 300 |
_a166 paginas ; _c19 cm. |
||
| 505 | _aContenido :Novela / | ||
| 650 |
_aLiteratura espaƱola _9362 |
||
| 650 |
_aNovelas _9218 |
||
| 942 |
_2ddc _cLIBROS |
||
| 945 |
_arjall _d2019-04-30 |
||